Trade developments : review of Hong Kong's trade.
| Corporate Author: | |
|---|---|
| Format: | Book |
| Published: |
Wanchai:
Hong Kong Trade Development Council,
2000.
|
| Subjects: |
| LEADER | 00511cam a2200157 7i4500 | ||
|---|---|---|---|
| 001 | 0000010109 | ||
| 005 | 20110405090000.0 | ||
| 090 | 0 | 0 | |a H.K 380.1 |b TRA |
| 245 | 0 | 0 | |a Trade developments : |b review of Hong Kong's trade. |
| 260 | 0 | 0 | |a Wanchai: |b Hong Kong Trade Development Council, |c 2000. |
| 300 | # | # | |a 25 p. |
| 650 | 0 | 0 | |a Trade -- |z Hong Kong |
| 650 | 0 | 0 | |a Hong Kong -- |x Markets |
| 651 | 0 | 0 | |a Hong Kong |
| 710 | 2 | 1 | |a Hong Kong Trade Development Council [HKTDC] |
| 999 | |a B000012694 |b Book |c Countries |e Business Information Centre | ||